[Event "New York Winter Invitational GM-A 2022"]
[Site "New York"]
[Date "2022.01.15"]
[Round "3.1"]
[White "Daggupati, Balaji"]
[Black "Nagy, Gabor"]
[Result "1/2-1/2"]
[WhiteElo "2442"]
[BlackElo "2527"]
[Annotator "TA"]
[PlyCount "70"]
[EventDate "2022.01.11"]
[EventType "tourn"]
[EventCountry "USA"]
[SourceTitle "playchess.com"]
[Source "ChessBase"]
[SourceQuality "1"]

{[%evp 20,70,23,4,14,14,13,12,8,11,10,9,0,0,0,4,12,-6,2,-13,-14,-20,17,8,8,8,8,8,8,8,8,8,15,8,8,10,13,0,27,32,45,0,0,0,0,0,26,-26,-20,-91,-80,-83,-88]} 1. e4 c5 2. Nf3 e6 3. d4 cxd4 4. Nxd4 Nc6 5. Nc3 Qc7 6. Be2 Nf6 7. O-O Be7 8. Be3 O-O 9. Kh1 d6 10. f4 Nxd4 11. Qxd4 b6 {B83: Sicilian Scheveningen: 6 Be2, lines without ...a6.} 12. Bf3 Bb7 13. Nb5 Qb8 {The position is equal.} 14. c4 a6 15. Nc3 b5 16. cxb5 axb5 17. Qb6 {[#]} Ba6 $146 ({Predecessor:} 17... Re8 18. Qxb5 Ba6 19. Qxb8 Raxb8 20. Rf2 Nd7 21. Bd4 Rb4 22. Rd1 Nc5 23. Rfd2 Na4 24. Nxa4 Rxa4 25. a3 e5 26. fxe5 Bg5 27. exd6 Bxd2 28. Rxd2 Bb7 29. d7 {1-0 (29) Dubiel,J (2424)-Feldtmann,T (2255) Germany 2016}) 18. e5 dxe5 {Hoping for ...Qxb6.} 19. Bxa8 Qxb6 20. Bxb6 {Black must now prevent Bc6.} Rxa8 21. a3 (21. fxe5 Nd7 22. Be3 b4 $15) 21... Rb8 22. Bc7 (22. fxe5 Nd7 23. Bc7 Rb7) 22... Rb7 23. Ba5 b4 24. Bxb4 Bxf1 25. Bxe7 Bc4 26. Bxf6 gxf6 $11 {[%mdl 4096] Endgame KRB-KRN} 27. b4 {[%cal Bb2b4,Bb4b5][%mdl 32] Ne4 is the strong threat.} exf4 28. Rb1 Rd7 29. b5 {[%mdl 1024] White has compensation.} Rd3 {[#]} 30. Rc1 (30. b6 $1 $14 {deserves consideration.} Ba6 31. Ne4 (31. b7 $2 Bxb7 32. Rxb7 Rxc3 $19) 31... Rxa3 32. Nxf6+ (32. b7 $2 Bxb7 33. Nxf6+ Kf8 $19) 32... Kg7 33. Ne4 (33. b7 $2 Bxb7 34. Nh5+ Kh6 $19)) 30... Rd2 31. a4 (31. Ne4 Rb2 32. Nxf6+ Kg7 33. Nh5+ Kh6 34. Nxf4 Bxb5 $17) 31... Rb2 32. Rb1 Rc2 {[#]} 33. Ne4 ({Better is} 33. b6 $1 Ba6 34. Ne4 (34. b7 $2 Bxb7 35. Kg1 Bxg2 $19)) 33... Kg7 {aiming for ...Bd5.} 34. Kg1 ({Not} 34. b6 $2 Bd5 35. Nd6 (35. b7 $2 Bxb7 36. Nd6 Bc6 $19) 35... Rxg2 $19) (34. h4 $11 {keeps the balance.}) 34... Bd5 $17 35. Rb4 f5 {Weighted Error Value: White=0.12 (very precise) /Black=0.06 (flawless)} 1/2-1/2

[Event "New York Winter Invitational GM-A 2022"]
[Site "New York"]
[Date "2022.01.15"]
[Round "3.2"]
[White "Li, Eric"]
[Black "Wang, Kevin"]
[Result "1/2-1/2"]
[WhiteElo "2341"]
[BlackElo "2387"]
[Annotator "TA"]
[PlyCount "71"]
[EventDate "2022.01.11"]
[EventType "tourn"]
[EventCountry "USA"]
[SourceTitle "playchess.com"]
[Source "ChessBase"]
[SourceQuality "1"]

{[%evp 9,71,0,0,0,20,21,15,26,22,14,3,-10,0,10,54,63,51,39,50,-5,0,0,0,0,0,0,0,0,0,0,0,0,0,0,0,-5,0,0,0,0,0,-1,20,12,37,16,85,9,50,21,25,21,46,8,8,9,0,-10,0,0,0,6,7,0]} 1. c4 e6 2. g3 d5 3. Bg2 Nf6 4. Nf3 {[%cal Bg1f3,Bf3e1,Be1d3,Bd3f4][%mdl 32]} dxc4 5. O-O a6 6. Qc2 {A13: English Opening: 1...e6.} b5 7. Ne1 $1 {[%mdl 4] is recently more successful than 7.Ne5.} Nd5 8. d3 cxd3 9. Nxd3 Bb7 10. Rd1 Nd7 11. Nc3 Be7 (11... c6 $11) 12. Nxd5 $14 exd5 13. Nf4 Nb6 {[#]} 14. Be3 $146 ({White should try} 14. a4 $14 c6 15. a5) ({Predecessor:} 14. Nxd5 Nxd5 15. Bxd5 Bxd5 16. e4 Qc8 17. Rxd5 c6 18. Rd3 O-O 19. Be3 Qe6 20. Rc3 {½-½ (36) Jumabayev,R (2545)-Frolyanov,D (2556) Khanty-Mansiysk 2012}) 14... c6 $11 15. Bd4 O-O 16. e4 c5 17. Bxc5 {[%cal Re4d5]} Qc7 18. Rac1 {Hoping for Bxe7.} Bxc5 19. Qxc5 Qxc5 20. Rxc5 dxe4 21. Rc7 Rab8 22. Rd6 $36 {[%mdl 2048] White has good play.} Ba8 23. h4 Rfe8 24. b3 h6 25. g4 e3 26. fxe3 Bxg2 27. Kxg2 Red8 (27... Rxe3 $11 28. g5 hxg5 29. hxg5 Ree8) 28. Rdc6 {White is much more active.} (28. Rxd8+ $16 Rxd8 29. Rc6) 28... a5 (28... Nd5 $11 {is superior.} 29. Nxd5 Rxd5) 29. Kf3 (29. Rc5 $5 {[%cal Rc5b5]}) 29... Nd7 {[#] Prevents Rc5. Strongly threatening ...Ne5+.} 30. Nd3 {To avoid Ne5+} b4 31. Ke2 Nf6 {The position is equal.} 32. Ra7 Nxg4 {[%cal Od8d3] aiming for ...Rxd3!} 33. Rcc7 Ra8 34. Rxf7 Rxa7 35. Rxa7 Rd5 $1 36. Kf3 {Weighted Error Value: White=0.13 (very precise) /Black=0.09 (flawless)} 1/2-1/2

[Event "New York Winter Invitational GM-A 2022"]
[Site "New York"]
[Date "2022.01.15"]
[Round "3.3"]
[White "Schitco, Ivan"]
[Black "Rozman, Levy"]
[Result "1-0"]
[WhiteElo "2486"]
[BlackElo "2346"]
[Annotator "TA"]
[PlyCount "81"]
[EventDate "2022.01.11"]
[EventType "tourn"]
[EventCountry "USA"]
[SourceTitle "playchess.com"]
[Source "ChessBase"]
[SourceQuality "1"]

{[%evp 9,81,0,2,-21,50,40,34,47,54,37,93,38,68,46,137,147,142,118,122,135,134,142,153,100,118,112,115,120,134,129,151,83,279,276,390,391,362,325,324,339,401,354,456,472,472,470,485,510,481,375,708,485,617,417,431,431,432,424,416,412,543,538,538,538,520,522,979,979,5590,5411,29973,29974,29960,29954]} 1. e4 c6 2. d4 d5 3. f3 e6 4. Nc3 Nf6 5. Be3 Qb6 6. Rb1 {[#] B12: Caro-Kann: Advance Variation.} e5 $146 (6... Nbd7 $11) ({Predecessor:} 6... c5 7. exd5 exd5 8. Bb5+ Bd7 9. Qe2 Qe6 10. dxc5 Nc6 11. Bxc6 Qxc6 12. Bd4+ Be6 13. Qb5 {1-0 (56) Timofeev,A (2601)-Predke,A (2587) Sochi 2016}) 7. Qd2 $1 $14 exd4 8. Bxd4 {White is slightly better.} Qd8 9. exd5 Nxd5 (9... Be7 $14) 10. Bc4 (10. Nge2 $16) 10... Be6 11. Nge2 $36 {[%mdl 2048] White fights for an advantage.} Bb4 (11... Nxc3 $14 12. Qxc3 Bxc4) 12. Bxd5 $16 Qxd5 13. O-O (13. Bxg7 $6 Qxd2+ 14. Kxd2 Rg8 $11) 13... Qd8 14. Qe3 Nd7 15. Nf4 Qg5 16. Rfe1 (16. Nxe6 $6 Qxe3+ 17. Bxe3 fxe6 $14) (16. Rbd1 $142) 16... O-O-O 17. Ne4 Qh6 18. c3 {White is more active.} (18. Bxa7 $6 Bxe1 19. Rxe1 Bf5 $11) 18... Be7 19. Nxe6 Qxe6 20. Qf2 (20. Bxg7 Rhg8 $16) ({Better is} 20. Qf4) 20... Rhe8 $2 {This move loses the game for Black.} (20... Qg6 $16 {is a better defense.}) 21. Nf6 $1 $18 ({Weaker is} 21. Bxa7 Qg6 $16) ({Not} 21. Bxg7 Qg6 $16) 21... gxf6 (21... Bxf6 {was worth a try.} 22. Rxe6 Rxe6 23. Bxf6 Nxf6 24. Qxa7 g6 25. Qa8+ Kc7) 22. Rxe6 fxe6 23. b4 {[%cal Bb2b4,Bb4b5][%mdl 32]} a6 24. a4 e5 25. Be3 {[%cal Bd4e3,Be3f2,Bf2a7][%mdl 32]} f5 26. Qa2 f4 27. Bf2 Bd6 28. b5 Nb8 29. Qc4 Bc7 $2 (29... Rd7 30. Bb6 axb5 31. axb5 Bc7) 30. Ba7 Rd6 31. h3 {[#] Black must now prevent Bxb8.} axb5 32. axb5 {b6 is the strong threat.} ({Less strong is} 32. Qf7 Red8 33. axb5 cxb5 34. Rxb5 Nc6 $18) 32... Nd7 33. bxc6 Rxc6 34. Qb5 {Dancing on a razor blade.} Nb6 35. c4 Nxc4 36. Qxb7+ Kd7 37. Rc1 Rc8 38. Kh2 {[#] Hoping for Qb5.} h5 39. Qb5 Na5 40. Rxc6 Nxc6 41. Qd5+ {Weighted Error Value: White=0.24 (precise) /Black=0.66} 1-0

[Event "New York Winter Invitational GM-A 2022"]
[Site "New York"]
[Date "2022.01.15"]
[Round "3.4"]
[White "Shlyakhtenko, Robert"]
[Black "Khamrakulov, Djurabek"]
[Result "1/2-1/2"]
[WhiteElo "2383"]
[BlackElo "2515"]
[Annotator "TA"]
[PlyCount "49"]
[EventDate "2022.01.11"]
[EventType "tourn"]
[EventCountry "USA"]
[SourceTitle "playchess.com"]
[Source "ChessBase"]
[SourceQuality "1"]

{[%evp 11,49,-11,13,14,10,0,-5,7,37,38,33,39,40,61,20,19,85,89,89,101,106,101,94,62,127,58,106,43,43,13,64,17,15,14,20,6,16,4,28,0]} 1. d4 {Adhiban,Baskaran} Nf6 2. c4 e6 3. Nc3 Bb4 4. f3 d5 5. a3 Bxc3+ 6. bxc3 c6 7. e4 {E20: Nimzo-Indian: 4 g3 and 4 f3.} dxe4 8. fxe4 {And now e5 would win.} e5 $1 9. Nf3 {The position is equal.} Qa5 10. Bd2 $1 {is the new trend.} Nxe4 11. Bd3 Nxd2 12. Qxd2 {[#]} Be6 $146 (12... O-O $14 {should be considered.}) ({Predecessor:} 12... exd4 13. O-O O-O 14. Ng5 f5 15. c5 Kh8 16. Qe2 Nd7 17. Nxh7 dxc3 18. Qh5 Qxc5+ 19. Kh1 Kg8 20. Bxf5 Qd5 21. Ng5 Nf6 22. Qh7+ {1-0 (22) Adhiban,B (2660)-Delgado Ramirez,N (2622) Krasnaya Polyana 2021 CBM 203 [Adhiban,Baskaran]}) 13. Nxe5 f6 (13... Nd7 $11 14. Nxd7 Bxd7) 14. Nf3 $16 {aiming for 0-0. White is more active.} O-O 15. Qc2 Qh5 16. O-O Nd7 17. Rae1 Rfe8 (17... Rae8 $14) 18. Re4 (18. Nd2 $16) 18... h6 (18... Qa5 $1 $14) 19. c5 ({White should play} 19. Qb1 $16) 19... Nf8 $1 $14 20. Rh4 Qf7 21. Nd2 (21. a4 $1 $14) 21... Qe7 $1 $11 22. Rhf4 b6 23. Ne4 bxc5 $1 24. Nxc5 Bd5 25. h3 {Weighted Error Value: White=0.16 (very precise) /Black=0.10 (very precise)} 1/2-1/2

[Event "New York Winter Invitational GM-A 2022"]
[Site "New York"]
[Date "2022.01.15"]
[Round "3.5"]
[White "Liang, Jason"]
[Black "Theodorou, Nikolas"]
[Result "1-0"]
[WhiteElo "2410"]
[BlackElo "2577"]
[Annotator "TA"]
[PlyCount "83"]
[EventDate "2022.01.11"]
[EventType "tourn"]
[EventCountry "USA"]
[SourceTitle "playchess.com"]
[Source "ChessBase"]
[SourceQuality "1"]

{[%evp 9,83,32,37,25,50,50,53,62,63,50,50,44,54,52,58,56,60,57,87,86,88,73,70,24,50,0,0,-17,-6,-16,0,0,0,0,0,0,0,-10,72,75,68,34,97,96,184,29,83,96,127,167,274,290,267,281,389,260,248,159,365,368,472,431,383,359,475,470,29983,29984,29984,29985,29983,29984,29990,29991,29991,29992]} 1. e4 c5 2. Ne2 d6 3. g3 Nc6 4. Bg2 g6 5. c3 Bg7 6. d4 {[%cal Bd2d4,Bd4d5][%mdl 32] B20: Sicilian: Unusual White 2nd moves.} Bg4 7. d5 Na5 8. O-O {White is slightly better.} Nf6 9. h3 Bd7 {[#]} 10. Nd2 $146 {[%cal Oe4e5]} ({Predecessor:} 10. Bf4 O-O 11. Nd2 e5 12. Be3 b5 13. b4 Nb7 14. bxc5 Nxc5 15. f4 Qc8 16. Kh2 {1-0 (23) Li,R (2581)-Vigorito,D (2346) Las Vegas 2018}) 10... Rc8 11. f4 O-O 12. g4 Bb5 13. Rf2 Nd7 14. Nf3 Ba6 15. Ng3 b5 16. Qe2 ({Better is} 16. Bf1 $14) 16... Nb8 $11 17. f5 ({White should play} 17. Qc2 $14) 17... b4 18. Qe1 bxc3 19. bxc3 Nc4 {To avoid e5} 20. Bg5 Nd7 21. Bf1 Rb8 22. Bxc4 Bxc4 23. Qe3 Ne5 (23... Re8 $11) 24. Nxe5 $16 Bxe5 {This bishop pair is nice.} 25. Bf4 Bh8 (25... Bf6 $14) 26. Rd1 {[%cal Ba1d1,Bd1d2,Bd2f2][%mdl 32]} Rb7 (26... Rb6 $16) 27. h4 $2 (27. e5 $18) 27... Qa5 (27... Qd7 $1 $11 {keeps the balance.}) 28. e5 Qa4 29. Rdd2 {Strongly threatening e6.} dxe5 (29... Bg7 {was worth a try.}) 30. Bxe5 $18 Bxe5 31. Qxe5 Ba6 32. Rf4 Qa3 33. Rdf2 Qc1+ $2 {This costs Black the game.} (33... Bd3 $16) 34. Kg2 Rb2 35. fxg6 hxg6 36. h5 {[%cal Bh4h5,Bh5h6][%mdl 32] [#] Hoping for hxg6. Dancing on a razor blade.} Rxf2+ 37. Rxf2 {aiming for hxg6.} Qd1 (37... Bd3 $18 38. g5 gxh5 39. Nxh5 f6 40. gxf6 Bg6 41. f7+ Rxf7) 38. h6 {[%csl Gh6][%cal Re5g7] White mates.} f6 39. Qxe7 {[%csl Gh6][%cal Re7g7]} Qxd5+ {[#]} 40. Ne4 $1 {[%csl Gh6][%cal Re7g7]} Qf7 41. Nxf6+ Kh8 42. Qe5 {Weighted Error Value: White=0.17 (very precise) /Black=0.53} 1-0

[Event "New York Winter Invitational GM-A 2022"]
[Site "New York"]
[Date "2022.01.15"]
[Round "4.2"]
[White "Khamrakulov, Djurabek"]
[Black "Liang, Jason"]
[Result "1/2-1/2"]
[WhiteElo "2515"]
[BlackElo "2410"]
[Annotator "TA"]
[PlyCount "161"]
[EventDate "2022.01.11"]
[EventType "tourn"]
[EventCountry "USA"]
[SourceTitle "playchess.com"]
[Source "ChessBase"]
[SourceQuality "1"]

{[%evp 13,161,0,10,15,9,0,0,0,0,0,0,-1,27,10,8,4,8,6,13,9,15,15,20,3,2,3,10,0,0,0,0,0,0,-19,-6,-14,-5,-19,-7,-18,0,0,0,-14,0,-2,-3,-2,0,-8,0,-9,0,0,0,0,6,0,0,0,39,37,39,39,40,18,35,0,0,0,15,0,4,0,0,-13,-13,-16,-16,-45,-45,-45,-45,-45,0,0,0,0,0,0,8,-67,-56,-35,0,0,0,0,0,0,0,0,0,0,0,-216,-216,-226,-66,-111,-24,-87,-93,-88,-31,-30,-30,-31,-30,-30,-30,-30,-30,-30,-30,-30,0,-30,-12,-33,-33,-33,0,0,0,0,0,0,0,0,0,0,0,0,0,0,0,0,8,8]} 1. e4 c5 2. c3 Nf6 3. e5 Nd5 4. Nf3 e6 5. d4 cxd4 6. cxd4 d6 7. Bc4 Be7 8. O-O {B22: Sicilian: 2 c3.} O-O 9. Bd2 Nc6 10. Nc3 Nxc3 11. Bxc3 dxe5 12. dxe5 Bd7 13. Qe2 Qb6 14. Rad1 Rfd8 15. Qe4 {[#]} Be8 $146 ({Predecessor:} 15... Nb4 16. Bxb4 Qxb4 17. Bd3 Qxe4 18. Bxe4 Bb5 19. Rxd8+ Rxd8 20. Rc1 b6 21. h3 Bc5 {½-½ (40) Prasse,P (2003)-Rick,U (2113) Lueneburg 2019}) 16. Bd3 g6 17. a3 Rd5 18. Bc4 Rxd1 19. Rxd1 Rd8 20. Rc1 Rd7 21. b4 Qd8 22. Bb3 Bf8 23. Qe3 Rd3 24. Qe2 Ne7 25. Rd1 Rxd1+ 26. Qxd1 Qxd1+ 27. Bxd1 Nd5 28. Bd4 b6 29. Bb3 Bc6 30. Ne1 Be7 31. g3 g5 32. f3 Nc7 33. Kf2 Kf8 34. Nc2 Ke8 35. Ke2 Kd7 36. a4 Kc8 37. b5 Bb7 38. Ne3 Kd7 39. Bc4 (39. Bc2 $5 {[%cal Rc2h7]}) 39... Bb4 40. f4 gxf4 41. gxf4 Bf8 42. Kf2 Be4 43. Kg3 Bb4 44. Kf2 Nd5 45. Nxd5 exd5 $11 {[%mdl 4096] Endgame KBB-KBB} 46. Bb3 Ke6 47. Bd1 Kf5 $1 {Prevents Bg4+.} 48. Bh5 Ke6 (48... Kxf4 $15 49. Bxf7 Bc2 50. Bxd5 Bxa4) 49. Bg4+ Ke7 50. f5 Bc2 51. f6+ Kf8 52. Be3 ({White should play} 52. a5 $11 Bxa5 53. Ke3) 52... Bc3 (52... Bxa4 $5 {[%cal Rb4c3]} 53. Bh5 Bc5 $15) 53. a5 Bxe5 54. axb6 axb6 55. Bxb6 Ke8 56. Ke3 {Inhibits Bd3.} Bxh2 57. Ba5 Be5 58. b6 d4+ 59. Kd2 $2 {[#]} (59. Kf3 $11 {and White has nothing to worry.}) 59... Be4 $19 60. Be2 Bf4+ $2 ({Stronger than} 60... Bxf6 61. Bb5+ Ke7 62. Bb4+ Ke6 63. Bc4+ Kd7 64. Bb5+ Kc8 65. Ba6+ Kb8 66. Ke2) (60... Kd7 $19 {And now ...Kc6 would win.} 61. Bb5+ Kc8 62. Ba6+ Kb8) 61. Ke1 (61. Kd1 $15) 61... d3 (61... Kd7 $17 {Strongly threatening ...Kc6.} 62. Bb5+ Ke6) 62. Bd1 (62. Bg4 $11) 62... Kd7 $17 63. Bb3 Be5 (63... Bg6 $17 {aiming for ...Kc6.} 64. Bd5 h5) 64. Bxf7 $15 Bxf6 65. Bc4 Bh4+ 66. Kd1 Kc6 {...Bg3 is the strong threat.} 67. Ba6 Bg3 {[#] Hoping for ...h5.} 68. b7 h5 69. Bd8 Bf4 {( -> ...Bf3+)} 70. Ke1 (70. Bg5 $5 {[%cal Rg5f4]} Bf3+ 71. Ke1 Bg3+ 72. Kd2 $11) 70... Bf5 71. Kf2 {[%cal Od8g5]} (71. Bg5 $5 {[%cal Rg5f4]} Bd6 72. Kd2 $11) 71... d2 72. Be2 Bg4 (72... Kxb7 $5 {[%cal Rf5g4]} 73. Bxh5 Kc6 $11) 73. Bg5 $1 {The position is equal.} Bxe2 74. Kxe2 $11 {KB-KB} Bb8 75. Kxd2 Kxb7 76. Ke2 Kc6 77. Kf3 Kd5 78. Bf4 Bxf4 79. Kxf4 {[%cal Bf3f4,Bf4g4,Bg4h3][%mdl 32]} h4 80. Kg4 h3 81. Kxh3 {Weighted Error Value: White=0.14 (very precise) /Black=0.10 (very precise)} 1/2-1/2

[Event "New York Winter Invitational GM-A 2022"]
[Site "New York"]
[Date "2022.01.15"]
[Round "4.3"]
[White "Rozman, Levy"]
[Black "Shlyakhtenko, Robert"]
[Result "0-1"]
[WhiteElo "2346"]
[BlackElo "2383"]
[Annotator "ChessBase"]
[PlyCount "107"]
[EventDate "2022.01.11"]
[EventType "tourn"]
[EventCountry "USA"]
[SourceTitle "playchess.com"]
[Source "ChessBase"]
[SourceQuality "1"]
[TimeControl "5400+30"]

1. c4 {[%emt 0:01:04]} e5 {[%emt 0:00:18]} 2. Nc3 {[%emt 0:00:42]} Bb4 {[%emt 0:00:25]} 3. g3 {[%emt 0:04:55]} Bxc3 {[%emt 0:00:18]} 4. dxc3 {[%emt 0:00:54]} d6 {[%emt 0:00:38]} 5. Bg2 {[%emt 0:03:37]} Nc6 {[%emt 0:00:27]} 6. e4 {[%emt 0:02:36]} Be6 {[%emt 0:03:08]} 7. b3 {[%emt 0:00:41]} Qd7 {[%emt 0:01:07]} 8. h3 {[%emt 0:07:04]} Nge7 {[%emt 0:02:03]} 9. Ne2 {[%emt 0:01:08]} O-O {[%emt 0:03:34]} 10. g4 {[%emt 0:03:18]} Ng6 {[%emt 0:01:51]} 11. Ng3 {[%emt 0:01:53]} a6 {[%emt 0:12:54]} 12. Be3 {[%emt 0:03:01]} b5 {[%emt 0:01:34]} 13. cxb5 {[%emt 0:12:13]} axb5 {[%emt 0:00:14]} 14. O-O {[%emt 0:00:23]} Ra3 {[%emt 0:04:55]} 15. Nh5 {[%emt 0:05:55]} Qe7 {[%emt 0:06:46]} 16. Qe2 {[%emt 0:01:54]} Ra5 {[%emt 0:01:16]} 17. a4 {[%emt 0:07:41]} Rfa8 {[%emt 0:06:20]} 18. Rac1 {[%emt 0:05:19]} Bxb3 {[%emt 0:07:15]} 19. axb5 {[%emt 0:00:51]} Ra2 {[%emt 0:01:42]} 20. Qd3 {[%emt 0:02:29]} Na5 {[%emt 0:00:33]} 21. c4 {[%emt 0:00:32]} Qe6 {[%emt 0:01:05]} 22. c5 {[%emt 0:06:43]} Bc4 {[%emt 0:03:55]} 23. Qc3 {[%emt 0:03:24]} Bxb5 {[%emt 0:04:18]} 24. cxd6 {[%emt 0:01:46]} Bxf1 {[%emt 0:05:42]} 25. Bxf1 {[%emt 0:03:06]} cxd6 {[%emt 0:00:28]} 26. Qc7 {[%emt 0:01:08]} Ne7 {[%emt 0:03:54]} 27. Rd1 {[%emt 0:02:01]} d5 {[%emt 0:01:36]} 28. Bc5 {[%emt 0:05:50]} Nac6 {[%emt 0:01:07]} 29. Bxe7 {[%emt 0:00:07]} Nxe7 {[%emt 0:00:11]} 30. Bc4 {[%emt 0:00:03]} R2a7 {[%emt 0:00:49]} 31. Qc5 {[%emt 0:00:09]} Ra1 {[%emt 0:01:11]} 32. Rxa1 {[%emt 0:01:25]} Rxa1+ {[%emt 0:00:08]} 33. Bf1 {[%emt 0:00:05]} d4 {[%emt 0:03:30]} 34. Kg2 {[%emt 0:00:11]} g6 {[%emt 0:00:51]} 35. Bc4 {[%emt 0:00:17]} Rc1 {[%emt 0:07:28]} 36. Qa5 {[%emt 0:00:12]} Qc8 {[%emt 0:01:02]} 37. Qxe5 {[%emt 0:10:17]} gxh5 {[%emt 0:00:12]} 38. Qg5+ {[%emt 0:00:06]} Ng6 {[%emt 0:01:32]} 39. Qxc1 {[%emt 0:00:07]} Qc7 {[%emt 0:05:50]} 40. gxh5 {[%emt 0:00:21]} Nf4+ {[%emt 0:00:27]} 41. Kf3 {[%emt 0:03:59]} Nxh3 {[%emt 0:00:26]} 42. h6 {[%emt 0:00:39]} Qh2 {[%emt 0:01:17]} 43. Bxf7+ {[%emt 0:00:31]} Kxf7 {[%emt 0:00:06]} 44. Qc4+ {[%emt 0:00:14]} Ke7 {[%emt 0:01:14]} 45. Qb4+ {[%emt 0:01:34]} Qd6 {[%emt 0:00:37]} 46. Qb7+ {[%emt 0:00:06]} Qd7 {[%emt 0:00:59]} 47. Qb4+ {[%emt 0:00:05]} Kf7 {[%emt 0:00:12]} 48. Qc4+ {[%emt 0:00:16]} Kg6 {[%emt 0:01:09]} 49. Qg8+ {[%emt 0:01:15]} Kxh6 {[%emt 0:00:37]} 50. Qf8+ {[%emt 0:00:06]} Kh5 {[%emt 0:00:07]} 51. Ke2 {[%emt 0:00:41]} Qg4+ {[%emt 0:00:36]} 52. Kd3 {[%emt 0:00:38]} Nf4+ {[%emt 0:00:10]} 53. Kc4 {[%emt 0:00:16]} Qe2+ {[%emt 0:00:16]} 54. Kxd4 {[%emt 0:01:42]} 0-1

[Event "New York Winter Invitational GM-A 2022"]
[Site "New York"]
[Date "2022.01.15"]
[Round "4.4"]
[White "Wang, Kevin"]
[Black "Schitco, Ivan"]
[Result "1/2-1/2"]
[WhiteElo "2387"]
[BlackElo "2486"]
[Annotator "TA"]
[PlyCount "52"]
[EventDate "2022.01.11"]
[EventType "tourn"]
[EventCountry "USA"]
[SourceTitle "playchess.com"]
[Source "ChessBase"]
[SourceQuality "1"]

{[%evp 19,52,16,17,0,0,0,4,0,7,0,3,0,0,0,0,0,0,0,0,0,0,0,0,0,0,0,0,0,0,0,0,0,0,0,0]} 1. d4 d5 2. c4 dxc4 3. e3 Nf6 4. Bxc4 e6 5. Nf3 a6 6. O-O b5 7. Be2 Bb7 8. Nbd2 Nbd7 9. b3 c5 10. Bb2 Be7 {The position is equal.} 11. Rc1 {D27: Queen's Gambit Accepted: Classical main line: 7 e4!? and 7 a4.} O-O 12. Qc2 Rc8 {[#] Hoping for ...cxd4.} 13. Qb1 cxd4 14. Rxc8 Qxc8 {[#]} 15. Bxd4 $146 ({Predecessor:} 15. Nxd4 Qa8 16. Bf3 Rc8 17. Bxb7 Qxb7 18. Rc1 Rc7 19. h3 Qc8 20. Rxc7 Qxc7 21. Ne4 {½-½ (27) L'Ami,E (2605)-Wirig,A (2481) Germany 2017}) 15... Qb8 16. h3 Rd8 17. Rd1 h6 18. b4 Bxf3 19. Nxf3 Nd5 20. a3 Bf6 21. Rc1 Rc8 22. Qa1 Rc7 23. Bxf6 N7xf6 24. Nd4 Qc8 25. Nb3 Rxc1+ 26. Qxc1 Qxc1+ {A balanced but interesting game.  Weighted Error Value: White=0.01 (flawless) /Black=0.00 (flawless)} 1/2-1/2

[Event "New York Winter Invitational GM-A 2022"]
[Site "New York"]
[Date "2022.01.15"]
[Round "4.5"]
[White "Daggupati, Balaji"]
[Black "Li, Eric"]
[Result "1-0"]
[WhiteElo "2442"]
[BlackElo "2341"]
[Annotator "TA"]
[PlyCount "97"]
[EventDate "2022.01.11"]
[EventType "tourn"]
[EventCountry "USA"]
[SourceTitle "playchess.com"]
[Source "ChessBase"]
[SourceQuality "1"]

{[%evp 9,97,-2,0,0,0,0,10,5,16,0,31,0,59,62,60,67,75,66,71,63,86,77,67,66,70,72,74,60,53,58,98,98,92,83,95,91,85,94,125,102,108,56,123,92,134,115,193,181,472,305,955,948,913,913,856,586,573,545,1122,1116,962,878,853,836,2033,784,1242,992,945,814,826,0,1262,1202,2591,1060,2587,2375,2151,1720,29979,29980,29975,29976,29982,29983,29990,29990,29993,29993]} 1. e4 c6 2. d4 d5 3. e5 c5 4. dxc5 e6 5. Qg4 h5 6. Qf4 {B12: Caro-Kann: Advance Variation.} Bxc5 7. Bd3 Nc6 8. Nf3 {The position is equal.} Nb4 9. O-O (9. Ng5 Nh6 $15) 9... Nh6 10. Qg3 {[#]} Nxd3 $146 (10... Kf8 $11) ({Predecessor:} 10... Kf8 11. Be3 Nxd3 12. cxd3 d4 13. Bxh6 Rxh6 14. Nbd2 b6 15. Ng5 Bb7 16. Qf4 Qd7 {1-0 (33) Oleksienko,M (2587)-Polivanov,A (2396) Lvov 2007}) 11. Qxg7 $14 Rg8 12. Qxh6 {Chess con chili.} Nxc1 13. Nc3 {Inhibits Ne2+.} Bd7 {[%cal Od7c6] Strongly threatening ...Bc6!} 14. Qh7 ({Much worse is} 14. Qxc1 $6 Bc6 15. Re1 Qb6 $11) (14. Rfxc1 Qb6 $11) 14... Ke7 {[%cal Od5d4]} 15. Qxh5 ({But not} 15. Rfxc1 Qb6 $11) 15... Nxa2 16. Rxa2 {[%cal Ob2b4]} Qf8 $1 17. Qh4+ Ke8 18. Rd1 Qg7 {[%csl Gg8][%cal Rg7g2]} 19. g3 Rc8 20. Ne2 {White is more active.} a6 21. b3 Rh8 22. Qf4 Rh5 {White must now prevent ...Rf5.} 23. Ned4 {To avoid Rf5} Ba7 24. Rd3 Qg6 {[%cal Oc8c2]} 25. h4 (25. Qd2 $16) 25... Bb6 (25... Rxc2 $1 $14 26. Rxc2 (26. Nxc2 Qxd3 27. Ng5 Rxg5 $11) 26... Qxd3) 26. Re3 Ke7 (26... Bd8 $142) 27. Kg2 Be8 (27... Ke8 $16 28. c3 Bd8) 28. c3 Qb1 $2 (28... Bc5 29. c4 dxc4) 29. Rd2 Ba5 $2 (29... Qg6 30. Ng5 Bc5) 30. Qf6+ $18 Kd7 {[#]} 31. Nxe6 $1 {[%mdl 512]} fxe6 {[#]} 32. Rxd5+ $3 {[%mdl 512]} Kc7 33. Rxa5 Rf5 34. Rc5+ Bc6 {[#]} 35. Rxc6+ $1 bxc6 36. Qe7+ Kb6 37. Nd4 (37. Nd2 $142 Rc7 38. Qb4+ Ka7 39. Qc5+ Ka8 40. Nxb1) 37... Rff8 38. Qb4+ Ka7 39. Qc5+ Kb7 40. Qe7+ (40. Nxe6 $142 Rfe8 41. Nd4) 40... Kb6 $1 41. Nxe6 {[%cal Bd4e6,Be6c5,Bc5d7][%mdl 32]} Rfe8 42. Qb4+ Ka7 43. Nc5 {[%csl Gc5][%cal Rb4b7]} Rb8 {Inhibits Qb7+.} 44. Qd4 {White threatens Qd7+ and mate.} Red8 {Prevents Qd7+.} 45. Nd7+ {White mates.} Ka8 46. e6 {[%cal Be5e6,Be6d7][%mdl 32]} Qf5 47. Re5 Qc2 48. Qc4 {[%cal Rc4a6]} Rxd7 49. exd7 {Weighted Error Value: White=0.37/Black=0.47} 1-0